000 00490nam a2200169 a 4500
001 22668
005 20180713220611.0
008 140415s1967 000 0 spa d
041 _aspa
082 _a669.94
_bWIN
100 1 _aWINEGARD, W. C.
245 1 0 _aINTRODUCCION A LA SOLIDIFICACION DE METALES
260 _a[s.l.] :
_bCOMPAÑIA EDITORIAL CONTINENTAL,
_c1967
300 _a137
650 1 4 _aMETALES
_xSOLIDIFICACION
700 1 _aFERNANDEZ FLORES, GUILLERMO
_etr.
999 _c22668
_d22668